| 000 | 00778nam a2200241Ia 4500 | ||
|---|---|---|---|
| 003 | ARRUPE | ||
| 005 | 20140327132217.0 | ||
| 008 | 130303s9999 xx 000 0 und d | ||
| 020 | _a869201190 | ||
| 040 | _cARRUPELIB | ||
| 050 | _aSPC CT1929.C66A38 1975 | ||
| 100 |
_aCooper-Chadwick, J _99508 |
||
| 245 | _aThree years with Lobengula and experiences in South Africa | ||
| 260 | _aBulawayo | ||
| 260 | _bBooks of Rhodesia | ||
| 300 | _a160p. | ||
| 300 | _b 23cm. | ||
| 440 |
_aRhodesiana reprint library: Silver series n.1 _99509 |
||
| 650 |
_bCatholic Commission for justice and Peace in Zimbabwe--History _99510 |
||
| 650 |
_cCatholic Commission for justice and Peace in Rhodesia--History _99511 |
||
| 700 |
_aJ. Cooper-Chadwick _99512 |
||
| 942 |
_2lcc _cMONOGRAPH |
||
| 999 |
_c9428 _d9428 |
||